| 000 | 00526cam a22001571 4500 | ||
|---|---|---|---|
| 001 | 000005096 | ||
| 005 | 20200929151558.0 | ||
| 008 | 740405s1955 xx 000 0 spa | ||
| 040 |
_aDO-SdBNP _bspa _cBNPHU |
||
| 100 | 1 |
_aIbarbourou, Juana de, _d1895?-1979. _914624 |
|
| 245 | 1 | 0 |
_aRomances del destino. / _cIlus. de Carlos Lara. |
| 260 |
_aMadrid, : _bEdiciones Cultura Hispanica, _c1955. |
||
| 300 |
_a148 p. : _billus. ; _c21 cm. |
||
| 490 | 0 |
_aColeccion La Encina y el mar, poesia de Espana y America, _v21 |
|
| 910 | _aEn proceso | ||
| 999 |
_c4899 _d4899 |
||